<?xml version="1.0" encoding="UTF-8"?>
<record
    xmlns:xsi="http://www.w3.org/2001/XMLSchema-instance"
    xsi:schemaLocation="http://www.loc.gov/MARC21/slim http://www.loc.gov/standards/marcxml/schema/MARC21slim.xsd"
    xmlns="http://www.loc.gov/MARC21/slim">

  <leader>01378nam a22001937a 4500</leader>
  <controlfield tag="008">111031t        xxu||||| |||| 00| 0 eng d</controlfield>
  <datafield tag="020" ind1=" " ind2=" ">
    <subfield code="a">0801662028</subfield>
  </datafield>
  <datafield tag="050" ind1=" " ind2=" ">
    <subfield code="a">GV704.M177</subfield>
  </datafield>
  <datafield tag="100" ind1=" " ind2=" ">
    <subfield code="a">Mood, Dale</subfield>
  </datafield>
  <datafield tag="245" ind1=" " ind2=" ">
    <subfield code="a">Sports and recreational activities for men and women /</subfield>
    <subfield code="c">Dale, Mood</subfield>
  </datafield>
  <datafield tag="250" ind1=" " ind2=" ">
    <subfield code="a">10th ed.</subfield>
  </datafield>
  <datafield tag="260" ind1=" " ind2=" ">
    <subfield code="a">St Louis:</subfield>
    <subfield code="b">Mosby year book,</subfield>
    <subfield code="c">1991.</subfield>
  </datafield>
  <datafield tag="300" ind1=" " ind2=" ">
    <subfield code="a">xiv,570p.:</subfield>
    <subfield code="b">illus,</subfield>
    <subfield code="c">28cm.</subfield>
  </datafield>
  <datafield tag="505" ind1=" " ind2=" ">
    <subfield code="a">Contents: Introduction -- Aerobic dance -- Archery -- Backpacking -- Badminton -- Basketball -- Bicycling -- Bowling -- Dance: Concert and recreational -- Fencing -- Field hockey -- Golf -- Gymnastics and tumbling -- Jogging -- Karate -- Kayaking and canoeing -- Mountaineering -- Orienteering -- Paddle and platform tennis -- Physical fitness -- Racquetball, paddleball, and handball -- Rugby -- Self-Defense -- Skiing: Alpine -- Skiing: Cross-country -- Skin and scuba diving -- Soccer -- Softball -- Speedball -- Springboard diving -- Swimming -- Table tennis -- Team handball -- Tennis -- Touch football and flag football -- Track and field -- Volleyball -- Water polo -- Weight training, circuit weight training, and weight lifting -- Wrestling -- Appendix A: Miscellaneous field and court dimensions -- Appendix B: Equipment manufacturers and distributors.</subfield>
  </datafield>
  <datafield tag="650" ind1=" " ind2=" ">
    <subfield code="a">Sports</subfield>
  </datafield>
  <datafield tag="700" ind1=" " ind2=" ">
    <subfield code="a">Musker, Frank F.</subfield>
  </datafield>
  <datafield tag="700" ind1=" " ind2=" ">
    <subfield code="a">Rink, Judith E.</subfield>
  </datafield>
  <datafield tag="942" ind1=" " ind2=" ">
    <subfield code="2">lcc</subfield>
    <subfield code="c">BK</subfield>
  </datafield>
  <datafield tag="999" ind1=" " ind2=" ">
    <subfield code="c">210</subfield>
    <subfield code="d">7710</subfield>
  </datafield>
  <datafield tag="952" ind1=" " ind2=" ">
    <subfield code="0">0</subfield>
    <subfield code="1">0</subfield>
    <subfield code="2">lcc</subfield>
    <subfield code="4">0</subfield>
    <subfield code="7">0</subfield>
    <subfield code="a">WIUC-1</subfield>
    <subfield code="b">WIUC-1</subfield>
    <subfield code="c">GEN</subfield>
    <subfield code="d">2011-10-31</subfield>
    <subfield code="l">0</subfield>
    <subfield code="o">GV704.M177</subfield>
    <subfield code="p">648/11</subfield>
    <subfield code="r">2011-10-31 00:00:00</subfield>
    <subfield code="t">1</subfield>
    <subfield code="w">2011-10-31</subfield>
    <subfield code="y">BK</subfield>
  </datafield>
  <datafield tag="952" ind1=" " ind2=" ">
    <subfield code="0">0</subfield>
    <subfield code="1">0</subfield>
    <subfield code="2">lcc</subfield>
    <subfield code="4">0</subfield>
    <subfield code="7">0</subfield>
    <subfield code="a">WIUC-1</subfield>
    <subfield code="b">WIUC-1</subfield>
    <subfield code="c">GEN</subfield>
    <subfield code="d">2011-10-31</subfield>
    <subfield code="l">0</subfield>
    <subfield code="o">GV704.M1771</subfield>
    <subfield code="p">649/11</subfield>
    <subfield code="r">2011-10-31 00:00:00</subfield>
    <subfield code="t">2</subfield>
    <subfield code="w">2011-10-31</subfield>
    <subfield code="y">BK</subfield>
  </datafield>
  <datafield tag="952" ind1=" " ind2=" ">
    <subfield code="0">0</subfield>
    <subfield code="1">0</subfield>
    <subfield code="2">lcc</subfield>
    <subfield code="4">0</subfield>
    <subfield code="7">0</subfield>
    <subfield code="a">WIUC-1</subfield>
    <subfield code="b">WIUC-1</subfield>
    <subfield code="c">GEN</subfield>
    <subfield code="d">2011-10-31</subfield>
    <subfield code="l">0</subfield>
    <subfield code="o">GV704.M1772</subfield>
    <subfield code="p">650/11</subfield>
    <subfield code="r">2011-10-31 00:00:00</subfield>
    <subfield code="t">3</subfield>
    <subfield code="w">2011-10-31</subfield>
    <subfield code="y">BK</subfield>
  </datafield>
  <datafield tag="952" ind1=" " ind2=" ">
    <subfield code="0">0</subfield>
    <subfield code="1">0</subfield>
    <subfield code="2">lcc</subfield>
    <subfield code="4">0</subfield>
    <subfield code="7">0</subfield>
    <subfield code="a">WIUC-1</subfield>
    <subfield code="b">WIUC-1</subfield>
    <subfield code="c">GEN</subfield>
    <subfield code="d">2011-10-31</subfield>
    <subfield code="l">0</subfield>
    <subfield code="o">GV704.M1773</subfield>
    <subfield code="p">651/11</subfield>
    <subfield code="r">2011-10-31 00:00:00</subfield>
    <subfield code="t">4</subfield>
    <subfield code="w">2011-10-31</subfield>
    <subfield code="y">BK</subfield>
  </datafield>
  <datafield tag="952" ind1=" " ind2=" ">
    <subfield code="0">0</subfield>
    <subfield code="1">0</subfield>
    <subfield code="2">lcc</subfield>
    <subfield code="4">0</subfield>
    <subfield code="7">0</subfield>
    <subfield code="a">WIUC-1</subfield>
    <subfield code="b">WIUC-1</subfield>
    <subfield code="c">GEN</subfield>
    <subfield code="d">2011-10-31</subfield>
    <subfield code="l">0</subfield>
    <subfield code="o">GV704.M1774</subfield>
    <subfield code="p">652/11</subfield>
    <subfield code="r">2011-10-31 00:00:00</subfield>
    <subfield code="t">5</subfield>
    <subfield code="w">2011-10-31</subfield>
    <subfield code="y">BK</subfield>
  </datafield>
</record>
